Armes par personnages du jeu vidéo Super Smash Bros sur un dessin - Statistiques

Statistiques générales
  • Ce quiz a été pris 151 fois
  • Le résultat moyen est 7 sur 9
Réponses sur la Carte
Les réponses sont colorées sur une échelle allant du rouge au vert en fonction du pourcentage des utilisateurs qui les ont devinées à leur premier essai. Vous pouvez retrouver ces pourcentages ci-dessous.
 
Statistiques - réponses
Personnage Arme associée % Correct
Link L'Épée
97%
Fox Le Blaster (Pistolet)
96%
Pit L'Arc
87%
Les Ice Climbers Les Marteaux
86%
Little Mac Les Gants
85%
Game & Watch La Poêle
78%
Harmonie et Luma La Baguette magique
75%
Princesse Peach L'Ombrelle
55%
Ness Le Yoyo
51%
Aucun quiz correspondant
Distribution des résultats
% des personnes avec chaque résultat
Percentile par nombre de réponses
Votre historique - résultats
Vous n’avez pas pris ce quiz